Top 20 Southernmost Countries in the World - Statistics

General Stats
  • This quiz has been taken 27 times
  • The average score is 18 of 20
Answer Stats
Latitude Answer % Correct
-38.416097 Argentina
100%
-35.675147 Chile
100%
-18.766947 Madagascar
100%
-40.900557 New Zealand
100%
-30.559482 South Africa
100%
-25.274398 Australia
96%
-32.522779 Uruguay
96%
-22.328474 Botswana
91%
-26.522503 Eswatini
91%
-29.609988 Lesotho
91%
-22.95764 Namibia
91%
-19.015438 Zimbabwe
91%
-14.235004 Brazil
87%
-23.442503 Paraguay
87%
-18.665695 Mozambique
83%
-16.290154 Bolivia
78%
-16.578193 Fiji
78%
-15.376706 Vanuatu
74%
-21.178986 Tonga
65%
-20.348404 Mauritius
61%
No matching quizzes found
Score Distribution
Percent of People with Each Score
Percentile by Number Answered
Your Score History
You have not taken this quiz